000 00329nam a2200133Ia 4500
008 240624s9999 xx 000 0 und d
041 _aeng
082 _a005.19 MOO
100 _aMOORE JONATHAN
245 _aMOODLE 1 9 EXTENSION DEVELOPMENT
260 _c2010
_aNew Delhi
_bPackt Publishing
300 _a320 : p.
365 _cRS
999 _c17099
_d17099